Quizzes
Events
Quiz Creation
Community
Videos
Private Events
Remove Ads
Sign In
Join for FREE
Feedback
Dark Mode
Quiz Categories
Sports
Geography
Music
Movies
Television
Just For Fun
Miscellaneous
History
Literature
Language
Science
Gaming
Entertainment
Religion
Holiday
For Kids
Quiz Lab
Recent
Popular Today
Quiz Kudos Today
Editor Picks
Curator Picks
Quizzes by...
Day
Popularity
Type
Ratings
Length
Year
Community
Subscriptions
Recent Discussions
Orange Saloon
Badges
Playlists
Quests
Create
Leaderboards
Showdown
Live 5
Trivia Bingo
Activity
Puzzle Library
Sporcle Events
Private Events
Virtual Trivia
Globe League
Become a Host
Pub Owners
SporcleCon
Opinionation
Our Games
Videos
Blog
Mobile Apps
Partnerships
Remove Ads and Go Orange
Feedback
Just For Fun
Clickable
Get the Picture
Humor
Quick Pick
Word Ladder
Missing Word
Mixed Word
Blitz
Minefield
This or That
Alphabet
Color
Typing
Sporcle
Puzzle
Word Play
Follow That Line
Logic
Just For Fun
Clickable
Get the Picture
Humor
Quick Pick
Word Ladder
Missing Word
Mixed Word
Blitz
Minefield
This or That
Alphabet
Color
Typing
Sporcle
Puzzle
Word Play
Follow That Line
Logic
Random Quiz
Search Sporcle
×
Editor Pick
Editor Pick
Just For Fun
Word Ladder
Type in answers that appear in a list
Type in answers that appear in a list
Classic
Best Score? Go Orange.
Word Ladder: Ring In The New Stats
Can you name the 4-letter words in this themed word ladder?
By
rer2121
3m
34 Questions
1,350 Plays
1,350 Plays
1,350 Plays
Comments
Comments
Give Quiz Kudos
Give Quiz Kudos
-
- Ratings
hide this ad
Replay
Link that replays current quiz
Next Quiz
Link to next quiz in quiz playlist
You Got
0%
They Got
Avg Score
74%
Avg Friend Score
Upgrade to see
Score Distribution
Jump to the score distribution portion of the page
Score
0/34
Timer
03:00
0
Plays Today
Hint
4-Letter Word
% Correct
Angel's instrument
HARP
91.6%
Banana covering
PEEL
89.9%
At a snail's pace
SLOW
88.4%
Clenched hand
FIST
88.4%
Beatles' tune 'I _
_
_
_
Fine'
FEEL
85.5%
Wet blanket of winter
SNOW
84.9%
Genie's bestowal
WISH
84.2%
Rocky Horror Picture Show's 'Time _
_
_
_
'
WARP
83.8%
Get the grime off
WASH
83.6%
Witnessed
SEEN
83.5%
Connery of 'Dr. No'
SEAN
81.2%
Narrow-
waisted stinger
WASP
80.8%
★A new one starts on January 1st★
★YEAR★
80.7%
'Hey Joe, whaddaya _
_
_
_
_
?'
KNOW
80.4%
★Was familiar with★
★KNEW★
79%
★Ball-
_
_
_
_
hammer★
★PEEN★
77.1%
Cabbage side dish
SLAW
77%
Hint
4-Letter Word
% Correct
Parts of a yard
FEET
75.1%
Big celebration
FEST
74.9%
Catch a few rays?
FISH
74.8%
Staircase part
STEP
74.4%
Rode in a plane
FLEW
73.6%
Like one end of a swimming pool
DEEP
72.9%
'_
_
_
_
Diary...'
DEAR
72.9%
Ooze, as through cracks
SEEP
70%
Patella's place
KNEE
69.8%
Bouillabaisse, ratatouille, or goulash
STEW
69.7%
Run away
FLEE
66.9%
Large quantity
SLEW
65.8%
Poetry showdown
SLAM
62%
A few bucks?
DEER
60.5%
Swiss painter Paul
KLEE
58.3%
Line of fashion?
SEAM
56.5%
★Yankees pitcher, J.A.★
★HAPP★
42%
Quiz Playlist
Details
Report
Send in Message
Add To Playlist
Classic:
Type in answers that appear in a list
Last Updated: Dec 26, 2023
Editor Pick in
Just For Fun
Curator Pick in
Word Ladder
Quiz Scoreboard
CHALLENGE
Sign Up to Join the Scoreboard
Show All
Scores
Hide
Comments
May contain spoilers
Recently Published
Presidents Visiting Landmarks
by Hejman
History
7m
An Introduction to Baseball
by treessimontrees
Sports
5m
Movies - When Are They Set?
by FPL_Elf
Movies
5m
More to Explore
Quiz From the Vault
Featured Blog Post
Where Did the Easter Bunny Come From?
hide this ad
You Might Also Like...
Tags
Word Ladder Quiz
2013
4-letter
New Year
Today's Top Quizzes in Just For Fun
Browse Just For Fun
hide this ad
Today's Top Quizzes in Word Ladder
Browse Word Ladder
Top Contributed Quizzes in Just For Fun
1
Crossword Whiteout! 49
2
Killer Double Trees 224 - Colour Match-Up
3
Harry Potter Logic - 'In Chains' II
4
Spring Typing Challenge
5
Survivor Winners Logic Puzzle
6
Zeroing In: Just For Fun
7
Word Ladder: Ahoy Matey
8
Edinburgh Fringe jokes 2015
9
Thermometer Puzzle 25
10
Aquarium Logic Puzzle 17
Explore More
Trending Topics
Crossword
NBA
Disney
Anime
Kpop
Harry Potter
Marvel
Country
NFL
The Office
Soccer
Song
Puzzle
WWE
Pokémon
hide this ad
More By:
rer2121
Quiz
Plays
Rating
Category
Featured
Created
Quick Sort Minefield Blitz
262,051
3.13
Just For Fun
May 13, 2012
Fill in the Lyrics
242,429
4.13
Music
Apr 5, 2012
World Cities Match 'Em Up
184,950
4.69
Geography
Dec 7, 2012
Fill in the Lyrics II
123,115
3.84
Music
Apr 21, 2012
Word to Number Blitz
70,824
3.90
Just For Fun
Sep 29, 2012
Go to Creator's Profile
Score Distribution
Quiz Creator Spotlight
rer2121
Follow
Send a Message
Quizzes Created
-
Created Quiz Play Count
-
More By This Creator
Popular Quizzes Today
1
Find the Countries of Europe - No Outlines Minefield
2
Find the US States - No Outlines Minefield
3
The Countries of the World
4
Popular People in 1961
5
Find the US States
6
US States
7
Risky Map Clicking: Biggest States A-Z
8
1-10 Letter E Words III
More Just For Fun Quizzes
Missing Word: 2008 Movies (A-Z)
Published
Trending Quizzes
Risky Map Clicking: Least Populous States A-Z
1-10 Letter F Words
1-10 Letter G Words
One Thing in Common: United Kingdom
Risky Map Clicking: Next State Alphabetically
Recently Updated
Leaping Animals
pecheneg
Reality TV Shows (A-Z)
bhenderson79
Rickey Henderson's Hall of Fame Teammates
pecheneg
Champions League XIs: Arsenal
pecheneg
Quick Pick: Celebrities in WWE's Hall of Fame
aduchscher
A-Z Keypad Blitz II
pecheneg
Multiple Oscar Actors
pecheneg
Mystery Phrase Blitz: Oscar 'Best Actors'
pecheneg
F. Scott Fitzgerald Novels
LTH
Pick 3 Villains
ddd62291
Trending Topics
Anime
Harry Potter
Disney
Marvel
Kpop
NBA
Crossword
Pokémon
Country
WWE
The Office
Puzzle
Soccer
NFL
Song
Your Account Isn't Verified!
In order to create a playlist on Sporcle, you need to verify the email address you used during registration. Go to your
Sporcle Settings
to finish the process.
Report this User
Report this user for behavior that violates our
Community Guidelines
.
Details:
Send Report
Go to the Sporcle.com Mobile Site →
Comments